Giáo trình tâm lý học đại cương

में बचाया:
ग्रंथसूची विवरण
मुख्य लेखक:  Phan, Thị Kim Ngân
स्वरूप: Sách
भाषा:Undetermined
प्रकाशित:  Hồng Đức  2015
विषय:
टैग : टैग जोड़ें
कोई टैग नहीं, इस रिकॉर्ड को टैग करने वाले पहले व्यक्ति बनें!
Thư viện lưu trữ: Trung tâm Thư viện - Trường Đại học Công nghiệp TP. Hồ Chí Minh
LEADER 00503nam a2200157Ia 4500
001 UIH_03918
008 231011s9999 xx 000 0 und d
082 |a  150 
100 |a  Phan, Thị Kim Ngân 
245 0 |a  Giáo trình tâm lý học đại cương 
245 0 |c  Phan, Thị Kim Ngân 
260 |b  Hồng Đức 
260 |c  2015 
650 |a  Tâm lý học;  
927 |a Sách 
980 |a Trung tâm Thư viện - Trường Đại học Công nghiệp TP. Hồ Chí Minh